000 00216nam a22000857a 4500
008 161116b xxu||||| |||| 00| 0 eng d
100 _91255
_aJain.G.etal.
245 _aGreat Scientists
260 _aNew Delhi
_bTree Ess
_c2012
999 _c3958
_d3958